La domesticación del pensamiento salvaje / (Record no. 72627)

MARC details
000 -LEADER
campo de control de longitud fija 00675nam a2200217 i 4500
001 - NÚMERO DE CONTROL
campo de control 72627
003 - IDENTIFICADOR DE NÚMERO DE CONTROL
campo de control ES-MaACL
007 - CAMPO FIJO DE DESCRIPCIÓN FÍSICA--INFORMACIÓN GENERAL
campo de control de longitud fija t|
008 - DATOS DE LONGITUD FIJA--INFORMACIÓN GENERAL
campo de control de longitud fija 040902s1985 sp ||||1| spa d
020 ## - NÚMERO INTERNACIONAL ESTÁNDAR DEL LIBRO
Número Internacional Estándar del Libro 84-7339-725-8
100 1# - ENTRADA PRINCIPAL--NOMBRE DE PERSONA
Nombre de persona Godoy, Jack.
9 (RLIN) 57537
245 13 - MENCIÓN DEL TÍTULO
Título La domesticación del pensamiento salvaje /
Mención de responsabilidad, etc. Jack Godoy ; traducción, Marco Virgilio García Quintela.
260 ## - PUBLICACIÓN, DISTRIBUCIÓN, ETC.
Lugar de publicación, distribución, etc. Madrid :
Nombre del editor, distribuidor, etc. Akal,
Fecha de publicación, distribución, etc. [1985]
300 ## - DESCRIPCIÓN FÍSICA
Extensión 188 p. ;
Dimensiones 22 cm.
490 1# - MENCIÓN DE SERIE
Mención de serie Akal universitaria ;
Designación de volumen o secuencia 71
504 ## - NOTA DE BIBLIOGRAFÍA, ETC.
Nota de bibliografía, etc. Bibliografía.
700 1# - ENTRADA AGREGADA--NOMBRE PERSONAL
Nombre de persona García Quintela, Marco Virgilio.
9 (RLIN) 55146
830 0# - PUNTO DE ACCESO ADICIONAL DE SERIE-TÍTULO UNIFORME
Título uniforme Akal universitaria ;
Designación de volumen o secuencia 71
9 (RLIN) 177901
852 ## - LOCALIZACIÓN
Ubicación ES-MaACL
Número de control de estantería L-9406
Sublocalización o colección R.111124
Holdings
Estatus retirado Estado de pérdida Estado de daño No para préstamo Biblioteca de origen Biblioteca actual Ubicación en estantería Fecha de adquisición Fuente de adquisición Total de préstamos Signatura topográfica completa Código de barras Visto por última vez Precio de reemplazo Tipo de ítem Koha
        Biblioteca del Ateneo de Madrid Biblioteca del Ateneo de Madrid Depósito 2 17/01/2008     L-9406 1076030 23/02/2023 23/02/2023 Libro impreso